Najdrosi zawodnicy z Amerki Poludniowej - Statystyki

Ogólne statystyki
  • Ten quiz został rozwiązany 24 razy
  • Średni wynik to 23 z 50
Statystyki odpowiedzi
Hint Odpowiedź % Poprawnych
35mln Messi
95%
60mln Neymar
85%
150mln Vini
85%
100mln Martinez
80%
50mln Martinez
80%
28mln Martinez
80%
40mln Ederson
70%
100mln Rodrygo
70%
35mln Alisson
65%
80mln Alvarez
60%
40mln De paul
60%
60mln Raphinha
60%
50mln Antony
55%
70mln Araujo
55%
65mln Mac allister
55%
70mln Militao
55%
65mln Paqueta
55%
40mln Richarlison
55%
100mln Valverde
55%
30mln Correa
50%
80mln Fernandez
50%
75mln Jesus
50%
80mln Martinelli
50%
50mln Molina
50%
65mln Nunez
50%
60mln Romero
50%
40mln Casemiro
45%
75mln Diaz
45%
30mln Dybala
45%
55mln Gabriel
45%
35mln Gimenez
45%
65mln Marquinhos
45%
85mln Guimaraes
40%
42mln Fabinho
35%
35mln Hincapie
35%
42mln Joelinton
35%
32mln Roque
35%
40mln Bremer
30%
90mln Caicedo
30%
35mln Estupinan
30%
55mln Luiz
30%
55mln Ugarte
30%
32mln Almiron
25%
40mln Bentancur
25%
35mln Palacios
20%
35mln Gonzalez
15%
30mln Ibanez
15%
32mln Pedro
15%
28mln Buendia
5%
30mln Malcom
0%
Nie znaleziono quizów pasujących do podanych kryteriów
Rozkład punktacji
Procent ludzi z każdym wynikiem
Percentyl według liczby udzielonych odpowiedzi
Twoja historia wyników
Nie rozwiązałeś tego quizu